00704nam a2200193 i 450000100060000000300090000600500170001500700030003200800410003510000310007624500670010726000340017430000290020850500700023770000320030785200320033999900170037195201220038877403ES-MaACL20230906173206.0t|041008s1967 sp ||||1| spa d1 aHamman, Adalbert G.96167313aLa oración / cA. Hamman ; [versión de Daniel Ruiz Bueno]. aBarcelona : bHerder, c1967. a2 v. (861 p.) ; c22 cm.8 aContiene: I. El Nuevo Testamento. -- II. Los tres primeros siglos1 aRuiz Bueno, Daniel.9100677 aES-MaACLjC-32599 bR.63276 c77403d77403 00104070aATENEOMbATENEOMcDEPO2d2008-01-17eSCl0oC-32599p1080985r2023-02-23 00:00:00w2023-02-23yMONOGRAFIA